书目信息 |
| 题名: |
洞察人心的18种方法
|
|
| 作者: | 周艳波 , 邢洪君 编著 | |
| 分册: | ||
| 出版信息: | 北京 中国水利水电出版社 2006.10 |
|
| 页数: | 268页 | |
| 开本: | 21cm | |
| 丛书名: | 经营人生书系 | |
| 单 册: | ||
| 中图分类: | B841.5-49 | |
| 科图分类: | ||
| 主题词: | 观察法--guan cha fa--通俗读物 | |
| 电子资源: | ||
| ISBN: | 7-5084-4044-7 | |
| 000 | 00888nam 2200253 450 | |
| 001 | 012007796059 | |
| 005 | 20071008160107.54 | |
| 010 | @a7-5084-4044-7@dCNY15.00 | |
| 100 | @a20070727d2006 km y0chiy0120 ea | |
| 101 | 0 | @achi |
| 102 | @aCN@b110000 | |
| 105 | @ay z 000yy | |
| 200 | 1 | @a洞察人心的18种方法@Adong cha ren xin de 18 zhong fang fa@f周艳波, 邢洪君等编著@Fzhou yan bo,xing hong jun deng bian zhu |
| 210 | @a北京@c中国水利水电出版社@d2006.10 | |
| 215 | @a268页@d21cm | |
| 225 | 2 | @a经营人生书系@Ajing ying ren sheng shu xi |
| 330 | @a本书采用大量生动的事例,结合简明而实用的理论,从18个方面论述了突破沟通障碍、洞察人心的方法。 | |
| 410 | 0 | @12001 @a经营人生书系 |
| 606 | 0 | @a观察法@Aguan cha fa@j通俗读物 |
| 690 | @aB841.5-49@v4 | |
| 701 | 0 | @a周艳波@Azhou yan bo@4编著 |
| 701 | 0 | @a邢洪君@Axing hong jun@4编著 |
| 801 | 0 | @aCN@c20071008 |
| 905 | @dB841.5-49@eZ810 | |
| 洞察人心的18种方法/周艳波, 邢洪君等编著.-北京:中国水利水电出版社,2006.10 |
| 268页;21cm.-(经营人生书系) |
| ISBN 7-5084-4044-7:CNY15.00 |
| 本书采用大量生动的事例,结合简明而实用的理论,从18个方面论述了突破沟通障碍、洞察人心的方法。 |
| ● |
| 相关链接 |
|
|
|
正题名:洞察人心的18种方法
索取号:B841.5-49/Z810
 
预约/预借
| 序号 | 登录号 | 条形码 | 馆藏地/架位号 | 状态 | 备注 |
| 1 | 250943 | 202509437 | 社科库509/509社科库 35排4列2层/ [索取号:B841.5-49/Z810] | 在馆 | |
| 2 | 250944 | 202509446 | 社科库509/509社科库 35排4列2层/ [索取号:B841.5-49/Z810] | 在馆 |